Curriculum for today's boys and girls (Record no. 9107)
[ view plain ]
| 000 -LEADER | |
|---|---|
| fixed length control field | 00381nam a2200145Ia 4500 |
| 005 - DATE AND TIME OF LATEST TRANSACTION | |
| control field | 20240814115937.0 |
| 008 - FIXED-LENGTH DATA ELEMENTS--GENERAL INFORMATION | |
| fixed length control field | 240813s9999||||xx |||||||||||||| ||und|| |
| 082 ## - DEWEY DECIMAL CLASSIFICATION NUMBER | |
| Classification number | 372 FLE |
| 100 ## - MAIN ENTRY--PERSONAL NAME | |
| Personal name | Fleming, Robert S. |
| 245 #0 - TITLE STATEMENT | |
| Title | Curriculum for today's boys and girls |
| 260 ## - PUBLICATION, DISTRIBUTION, ETC. | |
| Place of publication, distribution, etc. | Columbus |
| Name of publisher, distributor, etc. | Charles E. Merrill Book |
| Date of publication, distribution, etc. | 1963 |
| 300 ## - PHYSICAL DESCRIPTION | |
| Extent | 662p |
| 650 ## - SUBJECT ADDED ENTRY--TOPICAL TERM | |
| Topical term or geographic name entry element | Elementary education |
| 942 ## - ADDED ENTRY ELEMENTS (KOHA) | |
| Koha item type | Book |
| Withdrawn status | Lost status | Source of classification or shelving scheme | Damaged status | Not for loan | Home library | Current library | Date acquired | Total checkouts | Full call number | Barcode | Date last seen | Date last checked out | Price effective from | Koha item type |
|---|---|---|---|---|---|---|---|---|---|---|---|---|---|---|
| Dewey Decimal Classification | Library and Documentation Division NCERT | Library and Documentation Division NCERT | 08/14/2024 | 1 | 372 FLE | 9593 | 04/24/2025 | 10/30/2024 | 08/14/2024 | Book |





